Logo réseaux sociaux floutés - Statistiques

Statistiques générales
  • Ce quiz a été pris 264 fois
  • Le résultat moyen est 10 sur 10
Statistiques - réponses
Par images Réponse % Correct
Facebook
100%
Snapchat
100%
Tik tok
99%
Twitter
99%
YouTube
99%
Instagram
98%
Whatsapp
98%
Twitch
94%
Discord
92%
Linkeldn
85%
Aucun quiz correspondant
Distribution des résultats
% des personnes avec chaque résultat
Percentile par nombre de réponses
Votre historique - résultats
Vous n’avez pas pris ce quiz